000 00631nam a2200205Ia 4500
005 20250508155242.0
008 008 250505s9999 xx 000 0 eng d
037 _aBooks to be hide in OPAC
040 _aFEDL
_beng
_cFEDL
041 _aeng
_2eng
084 _a372, ASI/O
_qFEDL
100 _aSrivastava R D
_9702619
245 0 _aMethod of reducing classroom requirements in primary schools in Asia
245 0 _cAsian Regional Institute for School Building Research
260 _c1967
300 _a41p.
700 _a Gupta B M Vickery D J
_9766807
942 _cHB
_h372, ASI/O
999 _c1355514
_d1355514